MARC

LEADER 00000nam0a2200000 4500
001 259816
005 20231101233424.0
010 |a 5750700119 
020 |a RU  |b 88-27340 
035 |a (RuTPU)RU\TPU\book\282762 
090 |a 259816 
100 |a 20140512d1988 k a0rusy5003 ca 
101 0 |a rus 
102 |a RU 
105 |a a z 001zy 
200 1 |a Физика фазовых переходов в сегнетоактивных твердых растворах  |f В. Э. Юркевич  |g Ростовский государственный педагогический университет ; под ред. Р. Б. Шацовой 
210 |a Ростов-на-Дону  |c Изд-во Ростовского ун-та  |d 1988 
215 |a 318 с.  |c ил. 
320 |a Библиогр.: с. 274-314. 
606 1 |a Сегнетоэлектрики  |x Фазовые переходы  |2 stltpush  |3 (RuTPU)RU\TPU\subj\54331  |9 72488 
610 1 |a твердые растворы 
610 1 |a физика 
610 1 |a термодинамика 
610 1 |a внешние воздействия 
610 1 |a флуктуации 
675 |a 537.226.4  |z rus  |v 3 
700 1 |a Юркевич  |b В. Э.  |g Витолд Эдуардович  |4 070 
702 1 |a Шацова  |b Р. Б.  |4 340 
712 0 2 |a Ростовский государственный педагогический университет  |2 stltpush  |3 (RuTPU)RU\TPU\col\8794 
801 0 |a RU  |b RuMRKP  |c 19950417  |g psbo 
801 1 |a RU  |b 63413507  |c 20140512 
801 2 |a RU  |b 63413507  |c 20160407  |g RCR 
942 |c BK